01152 2200361 4500001002100000005001500021035002000036007000300056008004100059020002200100082001400122084001600136100002800152245012200180250003200302300004100334500001100375500008000386650000900466650002600475700002900501700003200530504003300562264003400595336002100629337003000650338002300680040002200703850001200725041001300737990002000750990002000770INLIS00000000085328120191127024701 a0010-1119000689ta191127s2015 jkia g | ind d a978-602-70454-5-304223a615.4 a615.4 BOY k1 aBoyd, ClaireePengarang10aKeterampilan penatalaksanaan obat untuk perawat /cClaire Boyd; penerjemah, Dwi Widiarti; penyunting, Restu Damayanti aCetakan pertama, Maret 2015 axiii, 275 halaman :bgambar ;c21 cm aindeks ajudul asli : Student survival skills: medicine management skliis for nurses 4aObat 4aPerawat dan perawatan0 aDwi WidiartiePenerjemah0 aRestu DamayantiePenyunting aBibliografi: halaman 263-268 aJakarta :bBumi Medika,c2015 2rdacontentateks 2rdamediaatanpa perantara 2rdacarrieravolume aYOPDYOGbinderda aYOPDYOG1 aindgeng a64865-PD/A.2019 a64866-PD/A.2019